Phát triển năng lực tư duy thuật toán cho học sinh THPT thông qua dạy học chủ đề khảo sát hàm số lớp 12 : Luận văn thạc sĩ Khoa học giáo dục. Chuyên ngành lý luận và phương pháp dạy học bộ môn toán

Khái niệm về năng lực, tính đặc trưng của thuật toán, các dạng biểu diễn thuật toán

Uloženo v:
Podrobná bibliografie
Hlavní autor: Nguyễn, Kinh Danh
Médium: Kniha
Jazyk:Undetermined
Vydáno: Cần Thơ Trường Đại học Cần Thơ 2012
Témata:
Tagy: Přidat tag
Žádné tagy, Buďte první, kdo otaguje tento záznam!
Thư viện lưu trữ: Trung tâm Học liệu Trường Đại học Cần Thơ
LEADER 01088nam a2200229Ia 4500
001 CTU_177780
008 210402s9999 xx 000 0 und d
082 |a 510.712 
082 |b D107 
088 |a 60140111 
100 |a Nguyễn, Kinh Danh 
245 0 |a Phát triển năng lực tư duy thuật toán cho học sinh THPT thông qua dạy học chủ đề khảo sát hàm số lớp 12 : 
245 0 |b Luận văn thạc sĩ Khoa học giáo dục. Chuyên ngành lý luận và phương pháp dạy học bộ môn toán 
245 0 |c Nguyễn Kinh Danh ; Võ Thành Phước (hướng dẫn khoa học) 
260 |a Cần Thơ 
260 |b Trường Đại học Cần Thơ 
260 |c 2012 
520 |a Khái niệm về năng lực, tính đặc trưng của thuật toán, các dạng biểu diễn thuật toán 
650 |a Toán học,Mathematics 
650 |x Dạy và học,Study and teaching 
904 |i Năm 
980 |a Trung tâm Học liệu Trường Đại học Cần Thơ